| 000 | 00507nam a22001697a 4500 | ||
|---|---|---|---|
| 003 | NUST | ||
| 005 | 20260413152807.0 | ||
| 008 | 260413b ||||| |||| 00| 0 eng d | ||
| 020 | _a0-415271673 | ||
| 082 |
_a338.4791 _bPEA |
||
| 100 |
_aDouglas G. Pearce and Richard W. Butler. _9134082 |
||
| 245 |
_aContemporary issues in tourism development / _cDouglas G. Pearce and Richard W. Butler. |
||
| 260 |
_aOxon: _bRoutledge, _c1999. |
||
| 300 |
_a277 p ; _c28.7 cm |
||
| 563 | _aPaperback | ||
| 942 |
_2ddc _cBK |
||
| 999 |
_c617013 _d617013 |
||